Most Guessed Countries on Most Guessed Countries Quiz - Statistics

General Stats
  • This quiz has been taken 573 times
  • The average score is 6 of 6
Answer Stats
% Original % Guessed Country % Correct
97% 100% United States
100%
96% 98% Canada
97%
95% 99% China
97%
94% 98% United Kingdom
96%
94% 97% France
93%
96% 98% Russia
93%
No matching quizzes found
Score Distribution
Percent of People with Each Score
Percentile by Number Answered
Your Score History
You have not taken this quiz